000 00722cam a2200241 a 4500
001 16932030
005 20180302083432.0
008 110823s2013 nyua 001 0 eng
010 _a 2011030993
020 _a9780073406305 (alk. paper)
020 _a0073406309 (alk. paper)
040 _aDLC
_cDLC
_dDLC
041 _aeng
042 _apcc
080 _a512 MIL
082 0 0 _a512 MIL
_223
100 1 _a36
101 _aMAT
245 1 0 _aIntroductory algebra :
_cJulie Miller, Molly O'Neill, Nancy Hyde.
906 _a7
_bcbc
_corignew
_d1
_eecip
_f20
_gy-gencatlg
942 _2ddc
_cBK
999 _c44085
_d44085